00639 2200253 4500001002100000005001500021035002000036245006900056100002900125250000600154300003300160260003400193082001100227084001700238020001800255600001700273008004100290990000900331990000900340990000900349990000900358990000900367990000900376INLIS00000000000056520200102113518 a0010-01200000011 aOperasi teknik kimia :bteknik kimia /cFitriani Yetti Handayani0 aFitriani Yetti Handayani a1 aV1 + 191 hal :bilus ;c23cm aMalang :bQuantum book,c2019 a660.01 a660.01 FIT o a9786237216056 4ateknik kimia200102 0 ind  a9448 a9449 a9450 a9451 a9452 a9453